[Event "Oberfranken-ch"]
[Site "Schney"]
[Date "2019.01.04"]
[Round "4"]
[White "Doerfel, Franz"]
[Black "Brunsch, Michael"]
[Result "0-1"]
[WhiteElo "1969"]
[BlackElo "1947"]
[PlyCount "96"]
[EventDate "2019.01.03"]
[EventType "swiss"]
[EventRounds "7"]
[EventCountry "GER"]
[SourceTitle "CBM 188 Extra"]
[Source "ChessBase"]
[SourceDate "2019.02.26"]
[SourceVersion "1"]
[SourceVersionDate "2019.02.26"]
[SourceQuality "1"]

1. e4 c5 2. Nf3 Nc6 3. c3 d5 4. Bb5 a6 5. Bxc6+ bxc6 6. e5 Bf5 7. d4 e6 8. 0-0 Be7 9. Be3 c4 10. Ne1 h5 11. Qa4 Qb6 12. b4 g5 13. Nd2 Kf8 14. a3 Nh6 15. Nxc4 dxc4 16. d5 Qb5 17. Qxb5 axb5 18. d6 Bd8 19. Nf3 Ng4 20. Bd4 Be4 21. Nd2 Bd5 22. h3 Nh6 23. f4 Nf5 24. Bc5 Ng3 25. Rf2 gxf4 26. Nf3 Ne4 27. Rc2 Rg8 28. Kh2 Rg3 29. Bd4 Ra4 30. Rca2 Rg8 31. Rf1 Ng3 32. Rff2 Nf5 33. Bc5 f6 34. exf6 Bxf6 35. d7+ Kf7 36. Bd4 Bxf3 37. Bxf6 Kxf6 38. Rxf3 e5 39. Rff2 Rd8 40. Rfd2 Ra7 41. Kg1 Raxd7 42. Rxd7 Rxd7 43. a4 bxa4 44. Rxa4 Rd3 45. Ra6 Rxc3 46. Rxc6+ Ke7 47. b5 Nd6 48. Rc7+ Ke6 0-1

[Event "Oberfranken-ch Seniors"]
[Site "Bischofsgruen"]
[Date "2009.06.10"]
[Round "6"]
[White "Doerfel, Franz"]
[Black "Schurig, Wilhelm"]
[Result "0-1"]
[WhiteElo "1969"]
[BlackElo "2030"]
[PlyCount "48"]
[EventDate "2009.06.05"]
[EventType "swiss"]
[EventRounds "9"]
[EventCountry "GER"]
[SourceTitle "EXT 2012"]
[Source "ChessBase"]
[SourceDate "2011.11.24"]
[SourceVersion "1"]
[SourceVersionDate "2011.11.24"]
[SourceQuality "1"]

1. e4 g6 2. d4 Bg7 3. Nf3 d6 4. Be2 Nd7 5. Nc3 a6 6. Be3 b5 7. b4 c5 8. Qd2 cxb4 9. Nd5 Ngf6 10. Nxf6+ Nxf6 11. e5 Nd5 12. Bh6 0-0 13. Bxg7 Kxg7 14. 0-0 Bb7 15. h4 h5 16. a3 bxa3 17. Rxa3 b4 18. Rb3 a5 19. Bc4 Nb6 20. Qe2 Nxc4 21. Qxc4 Ba6 22. Qd5 Bxf1 23. Kxf1 e6 24. Qe4 a4 0-1

[Event "Oberfranken-ch Seniors"]
[Site "Bischofsgruen"]
[Date "2009.06.08"]
[Round "4"]
[White "Doerfel, Franz"]
[Black "Klein, Reinhard"]
[Result "1-0"]
[WhiteElo "1969"]
[BlackElo "1897"]
[PlyCount "81"]
[EventDate "2009.06.05"]
[EventType "swiss"]
[EventRounds "9"]
[EventCountry "GER"]
[SourceTitle "EXT 2012"]
[Source "ChessBase"]
[SourceDate "2011.11.24"]
[SourceVersion "1"]
[SourceVersionDate "2011.11.24"]
[SourceQuality "1"]

1. e4 c5 2. Nf3 g6 3. d4 Bg7 4. c3 Nc6 5. Be3 cxd4 6. Nxd4 Nf6 7. Nxc6 bxc6 8. Qc2 0-0 9. Be2 d6 10. f3 Be6 11. 0-0 Qc7 12. c4 Rab8 13. Nc3 Qb7 14. Rab1 Nd7 15. Kh1 Ne5 16. b3 f5 17. f4 Nd7 18. Rbd1 Rbc8 19. Bf3 fxe4 20. Nxe4 Bf5 21. Qd2 Nf6 22. Ng3 Bg4 23. Bd4 Bxf3 24. Rxf3 c5 25. Bc3 Bh6 26. Qd3 Rcd8 27. f5 g5 28. Bxf6 Rxf6 29. Ne4 Rf7 30. Rh3 Rxf5 31. Rxh6 Rdf8 32. Ng3 R5f7 33. Kg1 Qd7 34. Rf1 Qg4 35. Rxf7 Rxf7 36. h3 Qf4 37. Re6 Qf2+ 38. Kh2 Qxa2 39. Nf5 Kf8 40. Qe4 Kg8 41. Nh6+ 1-0

[Event "Oberfranken-ch Seniors"]
[Site "Bischofsgruen"]
[Date "2009.06.07"]
[Round "3"]
[White "Romanow, Werner"]
[Black "Doerfel, Franz"]
[Result "1-0"]
[WhiteElo "2109"]
[BlackElo "1969"]
[PlyCount "47"]
[EventDate "2009.06.05"]
[EventType "swiss"]
[EventRounds "9"]
[EventCountry "GER"]
[SourceTitle "EXT 2012"]
[Source "ChessBase"]
[SourceDate "2011.11.24"]
[SourceVersion "1"]
[SourceVersionDate "2011.11.24"]
[SourceQuality "1"]

1. c4 e5 2. Nc3 Nf6 3. Nf3 d6 4. g3 Be6 5. d4 exd4 6. Nxd4 c6 7. Nxe6 fxe6 8. Bh3 Qe7 9. e4 Nbd7 10. 0-0 0-0-0 11. Be3 Kb8 12. b4 g6 13. Qa4 Nb6 14. Qb3 d5 15. cxd5 cxd5 16. Bc5 Qe8 17. Bxb6 axb6 18. exd5 exd5 19. Rae1 Qc6 20. Re6 Rd6 21. Rxd6 Bxd6 22. Rd1 Re8 23. Bg2 Qc4 24. Qxc4 1-0

[Event "Oberfranken-ch Seniors"]
[Site "Bischofsgruen"]
[Date "2009.06.05"]
[Round "1"]
[White "Doerfel, Franz"]
[Black "Jeske, Guenter"]
[Result "1-0"]
[WhiteElo "1969"]
[BlackElo "1916"]
[PlyCount "87"]
[EventDate "2009.06.05"]
[EventType "swiss"]
[EventRounds "9"]
[EventCountry "GER"]
[SourceTitle "EXT 2012"]
[Source "ChessBase"]
[SourceDate "2011.11.24"]
[SourceVersion "1"]
[SourceVersionDate "2011.11.24"]
[SourceQuality "1"]

1. Nf3 c5 2. g3 Nc6 3. Bg2 e6 4. d4 cxd4 5. Nxd4 Nf6 6. Nc3 Bb4 7. 0-0 a6 8. Nxc6 bxc6 9. e4 0-0 10. e5 Nd5 11. Ne4 f5 12. a3 Be7 13. Nd6 Qc7 14. c4 Nb6 15. Be3 Rb8 16. Qd4 a5 17. b4 a4 18. Rac1 Bxd6 19. exd6 Qd8 20. h4 Qf6 21. Qc5 Na8 22. Bd4 Qg6 23. Qa7 Bb7 24. c5 Rfe8 25. Be5 Qh5 26. Qxa4 g5 27. Qd1 Qxd1 28. Rfxd1 gxh4 29. gxh4 Ba6 30. Rc3 Kf7 31. Bf3 Rg8+ 32. Kh2 Ke8 33. Bf6 Kf7 34. Be7 Kg6 35. Rg1+ Kh6 36. Bg5+ Kg7 37. Bd8+ Kf7 38. Bh5+ Rg6 39. Be7 Rbg8 40. Rcg3 f4 41. Rf3 Ke8 42. Rxf4 Be2 43. Rxg6 hxg6 44. Bxg6+ 1-0

[Event "Wch Seniors 14th"]
[Site "Halle"]
[Date "2004.10.27"]
[Round "4"]
[White "Brandt, Wilhelm"]
[Black "Doerfel, Franz"]
[Result "1-0"]
[WhiteElo "2096"]
[BlackElo "1748"]
[PlyCount "87"]
[EventDate "2004.10.24"]
[EventType "swiss"]
[EventRounds "11"]
[EventCountry "GER"]
[SourceTitle "EXT 2005"]
[Source "ChessBase"]
[SourceDate "2004.11.15"]
[SourceVersion "1"]
[SourceVersionDate "2004.11.15"]
[SourceQuality "1"]

1. d4 Nf6 2. c4 g6 3. Nc3 Bg7 4. e4 d6 5. f3 0-0 6. Be3 e5 7. d5 a5 8. a4 Ne8 9. Qd2 f5 10. Bd3 Na6 11. Nge2 Nb4 12. Bb1 Qh4+ 13. Bf2 Qh6 14. Ra3 Qxd2+ 15. Kxd2 fxe4 16. Nxe4 Bh6+ 17. Be3 Bxe3+ 18. Rxe3 Bf5 19. N2c3 Ng7 20. g4 Bxe4 21. Bxe4 Na6 22. Ke2 Nc5 23. Bc2 Rf4 24. b3 Raf8 25. Rg1 Ne8 26. Kf2 Nf6 27. Kg3 Ne8 28. Ne2 R4f6 29. Rb1 Na6 30. Rb2 Nb4 31. Be4 R6f7 32. Nc3 Nf6 33. h4 c6 34. Rd2 Nxe4+ 35. Nxe4 cxd5 36. cxd5 Rd7 37. Rc3 h6 38. g5 hxg5 39. hxg5 Kg7 40. Nf6 Rdf7 41. Rh2 Rh8 42. Rxh8 Kxh8 43. Rc8+ Kg7 44. Rg8# 1-0